Significant Regions of Russian Diaspora - Statistics

General Stats
  • This quiz has been taken 72 times
  • The average score is 26 of 30
Answer Stats
Overseas Russians Country % Correct
7,500,000 Germany
100%
7,170,000 Ukraine
100%
706,992 Belarus
97%
500,000 France
97%
2,983,317 Kazakhstan
97%
3,072,756 United States
97%
40,000 Poland
96%
720,324 Uzbekistan
94%
622,445 Canada
93%
352,960 Kyrgyzstan
93%
120,459 Italy
91%
72,234 Spain
91%
35,000 Tajikistan
91%
454,350 Latvia
90%
315,252 Estonia
88%
26,453 Georgia
88%
129,797 Lithuania
88%
100,000 Turkey
87%
150,000 Turkmenistan
87%
67,055 Australia
85%
119,300 Azerbaijan
85%
200,000 Brazil
84%
90,801 Finland
82%
201,218 Moldova
82%
36,397 Romania
78%
300,000 Argentina
75%
20,187 Sweden
75%
35,759 Czechia
67%
21,518 Hungary
67%
30,098 South Korea
39%
No matching quizzes found
Score Distribution
Percent of People with Each Score
Percentile by Number Answered
Your Score History
You have not taken this quiz